000 00845nas a2200277 454500
001 46132
005 20260407193512.0
008 260407s1985####ag###########|||spa#d
003 AR-UNSa-BCEJYS
040 _aAR-UNSa-BCEJYS
_bspa
_cAR-UNSa-BCEJYS
080 _a314
_xDemografía. Estudios de población
245 1 0 _aEstudios demográficos y urbanos
022 _a0186-7210
264 1 _aMéxico :
_bEl Colegio de México
_c1985
310 _aFrecuencia: Cuatrimestral
041 _aspa
942 _cSER
590 _aniveau_biblio:s niveau_hierar:1
100 1 _aEl Colegio de México
700 1 _aCastillo, Manuel Ángel
650 _aDemografía
650 _aPoblación
650 _aUrbanización
650 _aMéxico
856 4 1 _uhttps://www.biblioeco.unsa.edu.ar/pmb/images/revistas/R21853.jpg
_yImagen de portada
_qimage/jpeg
999 _c8956
_d8956